| 000 | 00639nam a22002417a 4500 | ||
|---|---|---|---|
| 001 | 14446 | ||
| 003 | BD-JhCC | ||
| 005 | 20251118114724.0 | ||
| 008 | 251118b |||||||| |||| 00| 0 eng d | ||
| 020 | _a9780141398471 | ||
| 035 | _a(BD-JhCC) 14446 | ||
| 040 |
_aBD-JhCC _dBD-JhCC |
||
| 041 | _aeng | ||
| 082 |
_223 _a821 _bBRO |
||
| 100 | _aBrontë,Emily | ||
| 245 |
_aThe night is darkening round me / _cEmily Brontë |
||
| 260 |
_aLondon: _bPenguin Classics, _c2015 |
||
| 300 |
_a54 p.; _c17 cm. _ePaper |
||
| 490 |
_aPenguin Little black classics _vN, 63 |
||
| 650 | _a Literature | ||
| 650 | _aEnglish Poems | ||
| 942 |
_2ddc _cBK |
||
| 999 |
_c14446 _d14446 |
||